|
|
|
|
| LEADER |
00000nam0a2200000 4500 |
| 001 |
96495 |
| 005 |
20231031110555.0 |
| 010 |
|
|
|a 546900869X
|
| 035 |
|
|
|a (RuTPU)RU\TPU\book\103308
|
| 090 |
|
|
|a 96495
|
| 100 |
|
|
|a 20060515d2006 km y0rusy50 ca
|
| 101 |
0 |
|
|a rus
|
| 102 |
|
|
|a RU
|
| 105 |
|
|
|a a z 000zy
|
| 200 |
1 |
|
|a Презентация на компьютере
|f Ю. А. Солоницын
|
| 210 |
|
|
|a СПб.
|c Питер
|d 2006
|
| 215 |
|
|
|a 176 с.
|c ил.
|
| 330 |
|
|
|a Эта книга посвящена практическим вопросам подготовки презентаций: от рекламных материалов и плакатов до мультимедийных презентаций. Рассматривается подготовка диаграмм, схем и других графических материалов в программах Word, Excel и PowerPoint. Описывается специфика подготовки некоторых видов презентаций, разбираются вопросы оформления документов, основы дизайна. Книга рассчитана на пользователей, имеющих базовый уровень подготовки и уже знакомых с рассматриваемыми в книге программами.
|
| 610 |
1 |
|
|a презентации
|
| 610 |
1 |
|
|a информация
|
| 610 |
1 |
|
|a плакаты
|
| 610 |
1 |
|
|a иллюстрации
|
| 610 |
1 |
|
|a раздаточные материалы
|
| 610 |
1 |
|
|a презентационные наборы
|
| 610 |
1 |
|
|a мультимедиа-презентации
|
| 610 |
1 |
|
|a оформление
|
| 610 |
1 |
|
|a шрифты
|
| 610 |
1 |
|
|a цвет
|
| 610 |
1 |
|
|a диаграммы
|
| 610 |
1 |
|
|a графические средства
|
| 610 |
1 |
|
|a Microsoft Office
|
| 610 |
1 |
|
|a Microsoft Word
|
| 610 |
1 |
|
|a Microsoft Excel
|
| 610 |
1 |
|
|a Microsoft PowerPoint
|
| 610 |
1 |
|
|a профессиональные программы
|
| 610 |
1 |
|
|a Adobe Illustrator
|
| 610 |
1 |
|
|a CorelDRAW
|
| 610 |
1 |
|
|a Microsoft Visio
|
| 675 |
|
|
|a 681.327.1
|v 3
|
| 700 |
|
1 |
|a Солоницын
|b Ю. А.
|g Юрий Александрович
|
| 801 |
|
1 |
|a RU
|b 63413507
|c 20060515
|g PSBO
|
| 801 |
|
2 |
|a RU
|b 63413507
|c 20220419
|g PSBO
|
| 942 |
|
|
|c BK
|
| 959 |
|
|
|a 28/20060512
|d 1
|e 163,35
|f ЭЧЗ:1
|
| 959 |
|
|
|a 57/20060619
|d 1
|e 178,97
|f ЧЗТЛ:1
|